000 00406 a2200145 4500
082 _a891.43901
090 _c1108
_d1108
100 _aYasir, Khalid Iqbal.
245 _aKitabyaat urdu matboaat 1983
_cKhalid Iqbal Yasir
260 _aIslamabad:
_bMuqtadara Qomi Zuban,
_c1986.
300 _a88 p. ;
_c22 cm.
500 _aIncludes Index
650 _aUrdu literature--Bibliography
942 _cBK
_k891.43901 YAS
999 _c5070
_d5070